MyGZULibrary

Discovering statistics using IBM SPSS statistics / (Record no. 1280)

MARC details
000 -LEADER
fixed length control field 00970nam a22003255i 4500
001 - CONTROL NUMBER
control field 19986503
003 - CONTROL NUMBER IDENTIFIER
control field GZU
005 - DATE AND TIME OF LATEST TRANSACTION
control field 20201002101109.0
008 - FIXED-LENGTH DATA ELEMENTS--GENERAL INFORMATION
fixed length control field 170911s2017 cau 000 0 eng
010 ## - LIBRARY OF CONGRESS CONTROL NUMBER
LC control number 2017954636
020 ## - INTERNATIONAL STANDARD BOOK NUMBER
International Standard Book Number 9781526419521 (pbk)
020 ## - INTERNATIONAL STANDARD BOOK NUMBER
International Standard Book Number 9781526419514 (hb)
020 ## - INTERNATIONAL STANDARD BOOK NUMBER
International Standard Book Number 9781526445766
040 ## - CATALOGING SOURCE
Original cataloging agency DLC
Language of cataloging eng
Description conventions rda
Transcribing agency DLC
042 ## - AUTHENTICATION CODE
Authentication code pcc
050 ## - LIBRARY OF CONGRESS CALL NUMBER
Classification number HA32
Item number FIE 2018
100 1# - MAIN ENTRY--PERSONAL NAME
Personal name Field, Andy.
Relator term author
245 10 - TITLE STATEMENT
Title Discovering statistics using IBM SPSS statistics /
Statement of responsibility, etc. Andy Field.
250 ## - EDITION STATEMENT
Edition statement 5th edition.
263 ## - PROJECTED PUBLICATION DATE
Projected publication date 1711
264 #1 - PRODUCTION, PUBLICATION, DISTRIBUTION, MANUFACTURE, AND COPYRIGHT NOTICE
Place of production, publication, distribution, manufacture Thousand Oaks, CA :
Name of producer, publisher, distributor, manufacturer SAGE Publications,
Date of production, publication, distribution, manufacture, or copyright notice 2018.
300 ## - PHYSICAL DESCRIPTION
Extent xxix, 1070p. :
Other physical details ill.
336 ## - CONTENT TYPE
Content type term text
Content type code txt
Source rdacontent
337 ## - MEDIA TYPE
Media type term unmediated
Media type code n
Source rdamedia
338 ## - CARRIER TYPE
Carrier type term volume
Carrier type code nc
Source rdacarrier
500 ## - GENERAL NOTE
General note Includes bibliographical references and index
906 ## - LOCAL DATA ELEMENT F, LDF (RLIN)
a 0
b ibc
c orignew
d 2
e epcn
f 20
g y-gencatlg
942 ## - ADDED ENTRY ELEMENTS (KOHA)
Source of classification or shelving scheme Library of Congress Classification
Koha item type Books
Edition 5th ed.
Classification part 32
Item part FIE
Call number prefix HA
Holdings
Withdrawn status Lost status Source of classification or shelving scheme Damaged status Not for loan Collection code Home library Current library Shelving location Date acquired Source of acquisition Total Checkouts Full call number Barcode Date last seen Date last checked out Copy number Price effective from Koha item type
    Library of Congress Classification     Non-fiction City Campus Library City Campus Library General Stacks 01/15/2020 Book Aid International 1 HA32 FIE 2018 030938 11/11/2024 10/30/2024 c. 1 10/02/2020 Books